Nelson Mandela : (Record no. 2408)

MARC details
000 -LEADER
fixed length control field 01380cam a2200373 a 4500
001 - CONTROL NUMBER
control field 2408
003 - CONTROL NUMBER IDENTIFIER
control field FISKH
005 - DATE AND TIME OF LATEST TRANSACTION
control field 20231124143455.0
008 - FIXED-LENGTH DATA ELEMENTS--GENERAL INFORMATION
fixed length control field 900418s1991 nyuab j b 001 0beng
010 ## - LIBRARY OF CONGRESS CONTROL NUMBER
LC control number 90008496
020 ## - INTERNATIONAL STANDARD BOOK NUMBER
International Standard Book Number 0590441639
020 ## - INTERNATIONAL STANDARD BOOK NUMBER
International Standard Book Number 059044154X (pbk.)
040 ## - CATALOGING SOURCE
Original cataloging agency DLC
Transcribing agency DLC
Modifying agency DLC
043 ## - GEOGRAPHIC AREA CODE
Geographic area code f-sa---
050 00 - LIBRARY OF CONGRESS CALL NUMBER
Classification number DT1949.M35
Item number D46 1991
082 00 - DEWEY DECIMAL CLASSIFICATION NUMBER
Classification number 324.268/083/092
-- B
Edition number 20
100 1# - MAIN ENTRY--PERSONAL NAME
Personal name Denenberg, Barry.
245 10 - TITLE STATEMENT
Title Nelson Mandela :
Remainder of title "no easy walk to freedom" /
Statement of responsibility, etc. A biography by Barry Denenberg.
250 ## - EDITION STATEMENT
Edition statement Published by Scholastic in 2014
260 ## - PUBLICATION, DISTRIBUTION, ETC.
Place of publication, distribution, etc. New York :
Name of publisher, distributor, etc. Scholastic,
Date of publication, distribution, etc. 1991.
300 ## - PHYSICAL DESCRIPTION
Extent 232 pages :
Other physical details illustrations, maps ;
Dimensions 20 cm
505 ## - FORMATTED CONTENTS NOTE
Formatted contents note Z'<br/>
520 ## - SUMMARY, ETC.
Summary, etc. Recounts the life, imprisonment, and leadership role of Nelson Mandela.<br/>
521 8# - TARGET AUDIENCE NOTE
Target audience note 950<br/>
Source Lexile<br/>
521 8# - TARGET AUDIENCE NOTE
Target audience note Z'<br/>
Source Raz-Plus<br/>
600 10 - SUBJECT ADDED ENTRY--PERSONAL NAME
Personal name Mandela, Nelson,
Dates associated with a name 1918-2013
Form subdivision Juvenile literature.
610 20 - SUBJECT ADDED ENTRY--CORPORATE NAME
Corporate name or jurisdiction name as entry element African National Congress
Form subdivision Biography
-- Juvenile literature.
650 #0 - SUBJECT ADDED ENTRY--TOPICAL TERM
Topical term or geographic name entry element Civil rights workers
Geographic subdivision South Africa
Form subdivision Biography
-- Juvenile literature.
650 #0 - SUBJECT ADDED ENTRY--TOPICAL TERM
Topical term or geographic name entry element Anti-apartheid movements
Geographic subdivision South Africa
Form subdivision Juvenile literature.
650 #0 - SUBJECT ADDED ENTRY--TOPICAL TERM
Topical term or geographic name entry element Political prisoners
Geographic subdivision South Africa
Form subdivision Juvenile literature
-- Biography.
651 #0 - SUBJECT ADDED ENTRY--GEOGRAPHIC NAME
Geographic name South Africa
Form subdivision Biography
-- Juvenile literature.
906 ## - LOCAL DATA ELEMENT F, LDF (RLIN)
a 7
b cbu
c orignew
d 1
e ocip
f 19
g y-gencatlg
942 ## - ADDED ENTRY ELEMENTS (KOHA)
Source of classification or shelving scheme Dewey Decimal Classification
Koha item type Books
Suppress in OPAC No
Holdings
Withdrawn status Lost status Source of classification or shelving scheme Damaged status Not for loan Collection Home library Current library Shelving location Date acquired Total Checkouts Full call number Barcode Date last seen Date last checked out Price effective from Koha item type
    Dewey Decimal Classification     Non-Fiction Footprints International School Library Network Toul Kork Campus Footprints International School Library Network Toul Kork Campus   11/24/2023 1 DEN 324.268083092 DT1949.M35 FISSE03031 04/01/2026 03/02/2026 11/24/2023 Books